000 00629nam a2200217Ia 4500
008 220216s9999 xx 000 0 und d
100 _aJessy M D
245 0 _aAdaptability of rubber (Hevea brasiliensis) trees to low soil phosphorus: Some mechanisms involved
260 _bJournal of Plantation Crops
_c2008
300 _a18-Dec
650 _aAcid phosphatase
650 _aMalate dehydrogenase
650 _aPhosphoenolpyruvate carboxylase
650 _aRhizosphere pH
700 _aGeethakumari L
700 _aMeera Bai M
700 _aNair A N S
700 _aPhilip S
700 _aRajendran P
942 _cJS
999 _c53782
_d53782